000 00251nam a2200097Ia 4500
001 719652
005 20250826163047.0
008 250824s9999 xx 000 0 und d
245 0 _aYUNUS EMRE AŞKIN VAV HALİ
_cMUSTAFA AKGÜN
260 _bPANAMA YAYINLARI
999 _c719652
_d719652